LEADER 00803nam a2200193 i 4500 001 000000213015 003 CaOOAMICUS 005 20120507000000.0 008 120507s1808 it u000 u mul u 013 $a191865 026 $aE.S. e.p- e.nt aDno (3) 1808 (A) 040 $aSeMil$bita 245 10$aTome 2. 300 $a[4], 360 p. 500 $aSegn. : pigreco2 A-P12. 773 0 $aCicero, Marcus Tullius <106-43 a.C.>$tLettres de Ciceron a Atticus, avec des remarques et le texte latin de l'edition de Graevius; par l'abbé Mongault, ... Tome 1. [-4.].$bNouvelle édition, revue et corrigée.$dA Lyon : Chez Amable Leroy, 1808.$g2$w()26713 850 $aSeMil 852 $aSeMil$W1$xVenegono$y1$m1Y I 106 FA$j163445$B163445$CSeMilBibl$Z2$F174541 $8I 996 $6245$aTome 2$9(OLS)http://semarc/title/1533 LEADER 01330nam a2200277 i 4500 001 000000043129 003 CaOOAMICUS 005 20220124145433.0 008 140402s1993 gw u000 u ger u 013 $a14299 020 $a3-11-013948-0 040 $aSeMil$bita 100 1 $aRüterswörden, Udo.$0(OLS)http://semarc/name/21410 245 10$aDominium terrae :$bStudien zur Genese einer alttestamentlichen Vorstellung /$cUdo Rüterswörden. 260 $aBerlin ; New York :$bWalter de Gruyter,$c1993. 300 $aIX, 205 p. :$bill. ;$c24 cm. 490 0 $aBeihefte zur Zeitschrift für die alttestamentliche Wissenschaft ;$v215 650 4$aBibbia. Antico Testamento - Commentari, studi, critica, interpretazioni.$0(OLS)http://semarc/subject/2 830 0$aBeihefte zur Zeitschrift für die alttestamentliche Wissenschaft ;$v215.$0(OLS)http://semarc/title/294 850 $aSeMil 852 $aSeMil$W1$xVenegono$y1$m2XA Q 215$j236910$B9284$CSeMilBibl$Z2$F9284 $81 961 $aAcquisto: Casa editrice 996 $6020$a3-11-013948-0$9(OLS)http://semarc/number/14626 996 $6245$aDominium terrae :$bStudien zur Genese einer alttestamentlichen Vorstellung$9(OLS)http://semarc/title/63242 996 $6260$aBerlin ; New York :$bWalter de Gruyter$9(OLS)http://semarc/publisher/29849